000 00707nam a22002297a 4500
003 UA-OsUOA
001 37476
007 ta
008 20060327b un ||||| |||| 00| 0 ukr d
100 _aЛитвин О.Н.
700 _aПасечник В.А.
090 _a330
_bЛ11
942 _cSA
040 _aUA-OsUOA
_brus
_cUA-OsUOA
_dUA-OsUOA
245 _aОптимизация математической модели поверхности трехмерного тела
300 _aС.103-112
955 _a0
041 _arus
080 _a330
773 0 _w37475
_tКибернетика и системный анализ
_dМ.
_d2006
_g1
650 7 _a330 Економіка взагалі
_2UDC
999 _c323667
_d323667